German Vocabulary "Q" - Statistics

General Stats
  • This quiz has been taken 123 times
  • The average score is 5 of 14
Answer Stats
German English % Correct
Qualität quality
91%
qualifizieren to qualify
71%
Quecksilber mercury
55%
Quadrat square
55%
Quelle source
42%
Quatsch nonsense
36%
quälen to torture
31%
Qualle jellyfish
29%
Quittung receipt
27%
Qualm smoke
23%
Quantensprung quantum leap
22%
Quitte quince
12%
quasseln to jabber
12%
Querschnitt cross section
8%
No matching quizzes found
Score Distribution
Percent of People with Each Score
Percentile by Number Answered
Your Score History
You have not taken this quiz